000 00841nam a2200253Ia 4500
003 OSt
005 20220923224845.0
006 a|||||r|||| 00| 0
007 ta
008 220922b |||||||| |||| 00| 0 hin d
024 _a252,397
037 _cTextual
040 _aARTS
_cARTS
_bhin
041 _2hin
_ahin
082 _aO152,6vN2, J6
100 _aग›ाबख्शसिंह
_9156945
245 0 _aद्विवेदी - युगीन निबन्ध साहित्य
246 _aDvivedī - yugīn nibandha sāhitya
260 _aलखनऊ
_b हिन्दी - विभाग
_c1950
300 _a146पृ.
_ccm.
650 _aहिन्दी साहित्य
_9156264
942 _hO152,6vN2, J6
_cTEXL
_2CC
999 _c374160
_d374160